000 01002nas a2200325 4500
001 BR2011002588
003 BR-BrBNA
005 20231205114944.0
007 ta
008 230509b bl.|||p| |||| 00| 00por d
040 _aBR-BrBNA
_bpor
_cBiblioteca Nacional de Agricultura
041 _a(Pt)
072 _aF08; L01
100 1 _aRocha, W.S.D. da
100 1 _aMüller, M.D.
100 1 _aSouza Sobrinho, F.
100 1 _aMartins, C.E.
100 1 _aBrighenti, A.M.
100 1 _aAndrade, P.J.M.
245 1 _aPecuária de leite na Integração Lavoura-Pecuária-Floresta
650 _aEUCALIPTO
650 _aGADO LEITEIRO
650 _aPRODUÇÃO LEITEIRA
650 _aAGROSSILVICULTURA
650 _aFORRAGEM
650 _aPRODUTIVIDADE
773 0 _tInforme Agropecuário- Empresa de Pesquisa Agropecuária de Minas Gerais (Brazil)
_xISSN 0100-3364
_g(Jul-Aug 2010), v. 31 (257) p. 70-80
_wBR2011002588
909 _a202311
_bLúcia
_c55
_dLúcia Elande
942 _2AGRIS
_n0
_cANA
999 _c211408
_d211408